Art of cross-examination of witnesses

Salvato in:
Dettagli Bibliografici
Autore principale: Rao Y Rama
Altri autori: Rao,Chalapathi
Natura: Libro
Pubblicazione: Hyderabad: S. Gogia and company, c2004.
Soggetti:
Tags: Aggiungi Tag
Nessun Tag, puoi essere il primo ad aggiungerne!!

MARC

LEADER 00000cam a2200000u 4500
005 20260414114231.0
020 |a N/A  |c TZS 4,748/= 
040 |a MCCL  |b eng.  |e AACR 2nd rev. ed. 
082 |a 347.54075 RAO 
100 1 |a Rao Y Rama 
245 1 4 |a Art of cross-examination of witnesses  |c /Y. Rama Rao and Y. Chalapathi Rao 
260 |a Hyderabad:  |b S. Gogia and company,  |c c2004. 
300 |a 166p.:  |c 22 cm. 
546 |a eng. 
650 0 |a Witnesses. 
650 0 |a Cross-examination. 
700 1 |a Rao,Chalapathi 
942 |c BK 
999 |c 12602  |d 12602